000 01333nam a2200361 a 4500
001 000112325
003 CHAP
005 20220329144257.0
008 160302s2016 mx a fsm |||||||spa d
010 _a108786
011 _a109758
040 _cCHAP
090 _aTesis
100 1 _aAparicio Rivas, Lourdes
_9130556
245 1 0 _aAnálisis de cambio de cobertura y uso de suelo en la comunidad de San Cristóbal Lachirioag, Oaxaca /
_h[En línea]
_cpor Lourdes Aparicio Rivas.
260 _aZimatlán de Álvarez, Oax. :
_bEl autor,
_c2016.
500 _aPara ver el contenido del material haga clic en la liga
502 _aTesis (Ing. Agr. Esp. en Zonas Tropicales) -- UACH. Centros Regionales Universitario Sur
590 _aBATCH
_b00
_c20181121
_lUCH01
_h0758
590 _aE11695DGD
_b10
_c20160307
_lUCH01
_h1406
590 _aE5995AHE
_b05
_c20160302
_lUCH01
_h1131
590 _aE5995AHE
_b05
_c20160302
_lUCH01
_h1131
590 _aE5995AHE
_b05
_c20160302
_lUCH01
_h1342
650 1 4 _aCultivos de cobertura.
_930371
650 1 4 _aSistema de información.
_9106707
650 1 4 _aSuelos
_xOaxaca.
_9110454
650 1 4 _aTierras
_xUtilización
_xOaxaca.
_9113247
856 _a1
_n0000423
856 _aFinding aid
_uhttp://10.13.5.2/tesis/sist112325.pdf
_zTeclea aquí
901 _aBK
942 _cTESIS
942 _n0
999 _c108786
_d108786